Evaluación del efecto de la temperatura, tipo de pretratamiento y concentración inicial del sustrato sobre el rendimiento de la producción de biobutanol a partir de yuca utilizando Clostridium Beijirinckii
Збережено в:
| Автор: | |
|---|---|
| Формат: | Книга |
| Мова: | Spanish |
| Опубліковано: |
San José, Costa Rica
2009
|
| Предмети: | |
| Теги: |
Додати тег
Немає тегів, Будьте першим, хто поставить тег для цього запису!
|
MARC
| LEADER | 00000nam a2200000Ia 4500 | ||
|---|---|---|---|
| 003 | 001522 | ||
| 005 | 20221231144042.0 | ||
| 008 | 140114s2009 cr a 000 0 spa d | ||
| 040 | |c cru CEDI | ||
| 090 | |a TFG 6037 | ||
| 100 | |a Lepiz Aguilar, Leonardo |9 3403 | ||
| 245 | |a Evaluación del efecto de la temperatura, tipo de pretratamiento y concentración inicial del sustrato sobre el rendimiento de la producción de biobutanol a partir de yuca utilizando Clostridium Beijirinckii | ||
| 260 | |c 2009 |b San José, Costa Rica | ||
| 300 | |a xvii, 199 hojas; ilustraciones (algunas a color) | ||
| 500 | |a Proyecto de graduación (licenciatura en ingeniería química)--Universidad de Costa Rica. Facultad de Ingeniería. Escuela de Ingeniería Química | ||
| 650 | |x ALCOHOL COMO COMBUSTIBLE |x FERMENTACION |x YUCA |x COMBUSTIBLES |9 3404 | ||
| 942 | |c TFG | ||
| 999 | |c 16191 |d 16191 | ||
